| 000 | 00000nam 2200000zi 4500 |
| 001 | 9.936364 |
| 003 | CaOODSP |
| 005 | 20240405091400 |
| 006 | m o d f |
| 007 | cr cn||||||||| |
| 008 | 240405t20242024onc ob f000 0 eng d |
| 040 | |aCaOODSP|beng|erda|cCaOODSP |
| 043 | |an-cn--- |
| 086 | 1 |aYM32-3/441-S15E-PDF |
| 100 | 1 |aGood, Jesse, |eauthor. |
| 245 | 10|aBill S-15 : |bAn Act to amend the Criminal Code and the Wild Animal and Plant Protection and Regulation of International and Interprovincial Trade Act / |cJesse Good and Marlisa Tiedemann. |
| 246 | 16|aLegislative summary of Bill S-15 : |bAn Act to amend the Criminal Code and the Wild Animal and Plant Protection and Regulation of International and Interprovincial Trade Act |
| 246 | 10|aAct to amend the Criminal Code and the Wild Animal and Plant Protection and Regulation of International and Interprovincial Trade Act |
| 250 | |aPreliminary version, unedited. |
| 264 | 1|aOttawa : |bLibrary of Parliament = Bibliothè€que du Parlement, |c2024. |
| 264 | 4|c©2024 |
| 300 | |a1 online resource (i, 7 pages). |
| 336 | |atext|btxt|2rdacontent |
| 337 | |acomputer|bc|2rdamedia |
| 338 | |aonline resource|bcr|2rdacarrier |
| 490 | 1 |aLegislative summary ; |v44-1-S15-E |
| 500 | |aCover title. |
| 500 | |a"19 January 2024." |
| 500 | |aIssued also in French under title: Projet de loi S-15 : Loi modifiant le Code criminel et la Loi sur la protection d'espèces animales ou végétales sauvages et la réglementation de leur commerce international et interprovincial. |
| 504 | |aIncludes bibliographical references (page 7). |
| 520 | |a"The bill creates a number of Criminal Code offences in relation to elephants and great apes, including: possessing, breeding or impregnating elephants or great apes in captivity; possessing an elephant or great ape and failing to take reasonable measures to prevent natural breeding; and participating in any activities that involve elephants or great apes being used for entertainment purposes"--Page 1. |
| 610 | 10|aCanada. |tCriminal Code. |
| 610 | 10|aCanada. |tWild Animal and Plant Protection and Regulation of International and Interprovincial Trade Act. |
| 650 | 0|aCaptive wild animals|xLaw and legislation|zCanada. |
| 710 | 1 |aCanada. |bLibrary of Parliament, |eissuing body. |
| 710 | 1 |aCanada. |bParliamentary Information, Education and Research Services, |eissuing body. |
| 775 | 08|tProjet de loi S-15 : |w(CaOODSP)9.936365 |
| 794 | |tBill S-15 : |b23 February 2024|w(CaOODSP)9.936369 |
| 830 | #0|aLegislative summary (Canada. Parliamentary Information, Education and Research Services)|v44-1-S15-E.|w(CaOODSP)9.504770 |
| 856 | 40|qPDF|s490 KB|uhttps://publications.gc.ca/collections/collection_2024/bdp-lop/ls/YM32-3-441-S15-eng.pdf |